000 00626nam a2200181Ia 4500
008 220216s9999 xx 000 0 und d
100 _aRao G.P.
245 0 _aGenetic diversity in wild rubber (Hevea brasiliensis) germplasm
260 _bIn: Preprints of Papers. International Natural Rubber Conference, India 2005, 6-8 November 2005, Rubber Research Institute of India, Kottayam, Kerala, India, pp. 128-135.
_c2005
650 _aCluster analysis
650 _aGenetic diversity
650 _aGermplasm
700 _aMadhavan J.
700 _aNair R.B.
700 _aSuma K.
700 _aVarghese Y.A.
942 _cBS
999 _c52810
_d52810